000 01655nam a22002057a 4500
008 120822t xxu||||| |||| 00| 0 eng d
020 _a0073655120
050 _aPC2129.E5 A48
100 _aAmon, Evelyne
245 _aVis-a-vis: beginning French. /
_cEvelyne Amon, Judith A. Muyskens and Alice C. Omaggio Hadley
250 _a2nd ed.
260 _aNew York:
_bMcGraw Hill,
_c2000.
300 _axxxv, 455 p.:
_bill.;
_c26cm.
500 _aIncludes index.
505 _aContens: Une nouvelle aventure: initiation les comediens -- Nous, les etudiants: initiation L'anniversaire -- Ils ont l'air gentils!: initiation faire connaissance -- A la maison: initiation une etudiante desordonee -- De generation en generation: initiation une famille nombreuse -- A table!: initiation le repas fait maison -- Les plaisirs de la cuisine: initiation au restaurant -- Vive les vacancies!: initiation l'agence de voyages -- En route!: initiation le champion de ski -- Le Nouveau millenaire: initiation la television: pour ou contre -- Vivre en ville: initiation comment aller a la gare -- La passion pour les arts: initiation matisse: ses chefs d'oeuvre -- La vie quotidienne: initiatiation chez le medicin -- Sur le marche du travail: initiation choisir sa voie professionnelle -- Les loisirs: initiation une promenade deans le parc -- Qu'en pensez-vous?: initiation dividence d' opinions -- Appendix A: glossary of grammatical terms -- Appendix B: verbs charts -- Appendix C: perfect tenses.
650 _bFrench language -- Textbooks for foreign speakers -- English.
700 _aMuyskens, Judith A.
700 _aHadley, Alice C. Omaggio
942 _2lcc
_cBK
999 _c2099
_d9599